[Event "Anapa op"]
[Site "Anapa"]
[Date "2012.09.04"]
[Round "5"]
[White "Vartaniants, Mikhail"]
[Black "Savinkov, Viktor"]
[Result "1-0"]
[WhiteElo "1839"]
[BlackElo "2157"]
[PlyCount "71"]
[EventDate "2012.08.30"]
[EventType "swiss"]
[EventRounds "9"]
[EventCountry "RUS"]
[SourceTitle "CBM 150 Extra"]
[Source "ChessBase"]
[SourceDate "2012.10.19"]
[SourceVersion "1"]
[SourceVersionDate "2012.10.19"]
[SourceQuality "1"]

1. e4 c5 2. Nf3 Nc6 3. d4 cxd4 4. Nxd4 g6 5. Nc3 Bg7 6. Be3 Nf6 7. Be2 0-0 8. h4 d5 9. Nxc6 bxc6 10. e5 Nd7 11. f4 e6 12. Qd2 f6 13. h5 fxe5 14. hxg6 hxg6 15. fxe5 Nxe5 16. Bh6 Qe7 17. 0-0-0 Rb8 18. Bxg7 Qxg7 19. Rh2 Rb7 20. Rdh1 Rf5 21. Rh8+ Qxh8 22. Rxh8+ Kxh8 23. g4 Rf6 24. Ba6 Nf3 25. Qd3 Rc7 26. Bxc8 Rxc8 27. Qe3 g5 28. Qxa7 Rcf8 29. Qc7 e5 30. Ne2 Rh6 31. b3 Rh2 32. Ng3 Rh6 33. Nf5 Rg6 34. a4 e4 35. c3 Re8 36. Qf7 1-0

[Event "Anapa op-B"]
[Site "Anapa"]
[Date "2010.09.03"]
[Round "3"]
[White "Golovin, Leonid"]
[Black "Savinkov, Viktor"]
[Result "1-0"]
[WhiteElo "2468"]
[BlackElo "2213"]
[PlyCount "71"]
[EventDate "2010.08.31"]
[EventType "swiss"]
[EventRounds "9"]
[EventCountry "RUS"]
[SourceTitle "EXT 2013"]
[Source "ChessBase"]
[SourceDate "2012.11.22"]
[SourceVersion "1"]
[SourceVersionDate "2012.11.22"]
[SourceQuality "1"]

1. e4 c5 2. Nf3 g6 3. d3 Bg7 4. g3 Nc6 5. Bg2 d6 6. 0-0 e6 7. c3 Nge7 8. Na3 Rb8 9. Nc2 b5 10. d4 cxd4 11. cxd4 0-0 12. Re1 Na5 13. b3 Bb7 14. Bf4 Rc8 15. Rc1 Ba8 16. Qd2 Re8 17. Qb4 d5 18. e5 Qb6 19. Na3 Bc6 20. Bf1 Bf8 21. Qc5 Qb8 22. Nxb5 Nf5 23. Qxa7 Bb4 24. Qxb8 Rxb8 25. Nc7 Bxe1 26. Nxe8 Bxf2+ 27. Kxf2 Bxe8 28. g4 Ne7 29. Bd2 Nac6 30. Rc5 Kg7 31. Bd3 h6 32. h4 Bd7 33. Bc3 f6 34. exf6+ Kxf6 35. Bb5 h5 36. Ne5 1-0